[Event "Turnier 40 / 120"]
[Site "Wien"]
[Date "2022.07.17"]
[Round "9"]
[White "Novag Diamond II H8 - 32 MHZ"]
[Black "Mephisto Berlin 68000 - 12 MHZ"]
[Result "0-1"]
[BlackElo "2138"]
[WhiteElo "2135"]

{Analyse -------> Komodo 13.02.} 1. Nf3 c6 2. c4 d5 3. d4 Nf6 4. Nc3 dxc4
5. a4 Bg4 6. Ne5 Bh5 {Buchende} 7. Nxc4 Nbd7 {Buchbewertung Mephisto Berlin
68000: 0,00} 8. Bf4 {Buchbewertung Novag Diamond II: +0,65 / lt. Komodo ist
die Stellung exakt im Lot 0,00 / deutlich besser war f3 mit ca. +0,70 für
Weiss} Nb6 9. Nxb6 Qxb6 10. Qd2 Rd8 11. e3 e6 12. Be2 Bxe2 13. Qxe2 c5 14.
dxc5 Bxc5 15. O-O O-O 16. Rfd1 a6 17. Bg5 Be7 18. Ne4 Nd5 19. a5 Qc7 20.
Rdc1 Qe5 21. Bxe7 Nxe7 22. Nc5 Rd5 23. b4 Nc6 24. Qc4 Qc7 25. Nb3 Rc8 26.
Rab1 Qd6 {die Stellung ist im Lot, Komodo 0,00} 27. Nd4 h6 28. Qe2 Rc7 29.
Nxc6 Rxc6 30. Rd1 Rc3 31. Rxd5 Qxd5 32. e4 Qd4 33. e5? {ein schlechter Zug,
es wäre an der Zeit gewesen ein Schlupfloch für den weissen König mittels
h3 zu machen, nach dem Textzug ist Schwarz bereits klar im Vorteil, Komodo
+1,20 mit der Fortsetzung Tc4} Rd3 34. h3 Rd2 {besser ist g6, nach dem
Textzug ist Schwarz mit ca. +0,60 im Vorteil} 35. Qf3 Ra2 {klar schwächer
als Dd5, nach dem Textzug ist die Stellung im Lot, Komodo 0,00} 36. Qxb7
{besser ist g3, nach dem Textzug ist Schwarz wieder etwas im Vorteil,
Komodo +0,40} Qxf2+ 37. Kh1 Qe2 38. Kg1 Kh7 39. Rf1 {klar schwächer als
Df3, Komodo +1,00 für Schwarz mit der Fortsetzung Tb2} Rb2 40. b5? {ein
schwacher Zug, danach ist Schwarz bereits klar im Vorteil, Komodo -1,40,
deutlich besser ist Ta1 mit ca. +0,70 für Schwarz} Qxe5 {klar schwächer als
axb5, Komodo +0,70 für Schwarz} 41. b6 Qxa5 42. Qe4+ f5 43. Qxe6 Qxb6+ 44.
Qxb6 Rxb6 45. Rxf5 Rb5 46. Rf8 {Komodo sieht hier einen Vorteil von ca.
+0,70 für Schwarz, lt. Stockfish 15 ist es bereits Remis 0,00} a5 47. Ra8
Kg6 48. g4? {deutlich besser ist Ta7, nach dem Textzug ist Schwarz mit ca.
+1,00 im Vorteil} Kg5 49. Ra7 Kh4? {der falsche Zug, Vorteil versprach noch
g6, nach dem Textzug ist die Partie bereits Remis.} 50. Kg2??? {doch jetzt
kommt der absolute Verlustzug, danach ist die Partie sofort verloren,
Komodo -6,00 mit der Fortsetzung g5, nötig war Txg7 und es ist Remis
(Mephisto Berlin 68000 hätte den richtigen Zug gespielt).} g5! {Mephisto
Berlin 68000 erkennt sofort den Gewinn +2,33, damit ist die Partie
entschieden, Komodo +8,00} 51. Ra6 Rb2+ 52. Kf3 Rb3+ 53. Ke4 Kxh3 54. Rxh6+
Kxg4 {Rest geschenkt} 0-1
[/pgn]
[pgn]

[Event "Turnier 40 / 120"]
[Site "Wien"]
[Date "2022.07.18"]
[Round "10"]
[White "Mephisto Berlin 68000 - 12 MHZ"]
[Black "Novag Diamond II H8 - 32 MHZ"]
[Result "1-0"]
[BlackElo "2135"]
[WhiteElo "2138"]

{Analyse -------------> Komodo 13.02.} 1. c4 e5 2. Nc3 Nc6 3. Nf3 Nf6 4. g3
Bb4 5. Bg2 O-O 6. O-O e4 7. Ne1 Bxc3 8. dxc3 h6 9. Nc2 Re8 10. Ne3 d6 11.
Nd5 {Buchende} Bf5 {Buchende} 12. Qb3 {Buchbewertung Mephisto Berlin 68000:
+0,24} b6 {Buchbewertung Novag Diamond II: -0,34 / lt. Komodo ist die
Stellung etwa gleich} 13. Bf4 Ne5 14. Rad1 a5 15. Rd4 a4 16. Qc2 c5 17.
Bxe5 Rxe5 18. Rdd1 a3 19. e3 Nxd5 20. Rxd5 axb2 21. Qxb2 Qb8 22. Rb1 {die
Stellung ist im Lot, Komodo 0,00} Ra6 23. Qb3 Qc7 24. Rb2 Qe7 25. Qb5 Ra3
26. Qxb6 Rxd5 27. cxd5 Rxc3 28. Bf1? {ein schwacher Zug, danach ist Schwarz
klar im Vorteil, Komodo +1,20 mit der Fortsetzung Df6, deutlich besser war
h3 oder Tb1} Kh7? {auch nicht gerade das Gelbe vom Ei, Komodo +0,50 für
Schwarz} 29. Rb1 Ra3 30. Qb2 Qa7 31. Qb6 Qd7 32. Bc4 Bh3 33. Qb2 Qa4 34.
Rc1 f5 35. Qb1 {Schwarz steht etwas besser, Komodo +0,80} Qa5 36. Qb2
{etwas besser ist Dc2, Komodo +1,20 mit der Fortsetzung Ta4} Ra4 37. Qc3?
{deutlich schwächer als Lb3, nach dem Textzug ist die Partie praktisch
schon verloren für Weiss, Komodo -1,70 mit der Fortsetzung Dxc3} Rb4 {etwas
schwächer als Dxc3, Schwarz ist aber klar im Vorteil, Komodo +1,40} 38. Re1
Qb6 39. Rc1 Kh8? {ohne Worte, Komodo +0,40 für Schwarz, nötig war
Fehlerkorrektur mittels Da5 mit ca. +1,40, allerdings für Novag Diamond II
unspielbar, da Stellungswiederholung und somit 0,00} 40. a3! {richtig} Rb1
41. Qe1 Rxc1 42. Qxc1 Qa5 43. Be2 Kg8 44. Kh1 Kf7 45. Kg1 Qa4 46. Qb2 Qa8
{leichten Vorteil versprach noch Da4, nach dem Textzug ist die Stellung im
Lot, Komodo 0,00 mit der Fortsetzung Lh5+} 47. Qc3 {etwas schwächer als
Lh5+, Komodo +0,50 für Schwarz} Qb7 48. Qc2 g6 {etwas besser ist Db6, nach
dem Textzug ist die Stellung im Lot, Komodo 0,00} 49. Qa2 Qb6 50. Qc2 Qa5
51. Qc1 h5 52. Kh1 Qb6 53. Qc2 Kf6 54. Kg1 Qb7 55. Qa2 Bg4 56. Qa1+ Kf7 57.
Bxg4 fxg4 58. a4 c4 59. a5 Qxd5 60. a6 Qc6??? {ein unglaublicher MEGABOCK,
der die Partie sofort verliert, was um Gottes willen soll das sein, c3 hält
das Remis Komodo -13,00} 61. a7 {na klar} Qa8 62. Qa5 Ke6 63. Qc7 {Rest
geschenkt ----------------> wieder kommt leider der Megabock von Novag
Diamond II, der nach klarem Vorteil letztlich den ganzen Punkt verschenkt.}
1-0
[/pgn]
[pgn]

[Event "Turnier 40 / 120"]
[Site "Wien"]
[Date "2022.07.18"]
[Round "11"]
[White "Novag Diamond II H8 - 32 MHZ"]
[Black "Mephisto Berlin 68000 - 12 MHZ"]
[Result "1-0"]
[BlackElo "2138"]
[WhiteElo "2135"]

{Analyse --------> Komodo 13.02.} 1. c4 e5 2. Nc3 Nf6 3. Nf3 Nc6 4. g3 d5
5. cxd5 Nxd5 6. Bg2 Nb6 7. O-O Be7 8. d3 {Buchende} Be6 {Buchende} 9. Qd2
{Buchbewertung Novag Diamond II: +0,03, lt. Komodo ist die Stellung 
im
Lot} O-O {Buchbewertung Mephisto Berlin 68000: +0,12} 10. Ng5 Bd7 11. Rd1
h6 12. Nf3 Bg4 13. h3 Bxf3 14. Bxf3 Qd7 15. Qe3 Nd4 16. Qxe5 Nxf3+ 17. exf3
Rfe8 18. Qh5 Rad8 19. Bf4 {die Stellung ist im Lot, Komodo 0,00} Bf6 20.
Re1 c6 21. Rad1 Rxe1+ 22. Rxe1 Qxd3 23. Be5 Re8 24. f4 Nc4 25. Rd1 Nxe5???
{ein absoluter Verlustzug, danach ist die Partie bereits verloren, Komodo
-3,00, nötig war Sd2 und die Stellung wäre immer noch exakt im Lot gewesen
mit 0,00} 26. Rxd3 Nxd3 27. Qf5 Rd8 28. Qa5 Re8 29. Qc7! {Novag Diamond II
macht alles richtig bis hierher, Komodo +3,30} Nxb2? {mehr Widerstand
leistet noch Sc5, Komodo -5,50 mit der Fortsetzung Se4} 30. Ne4 Rxe4 31.
Qc8+ Bd8 32. Qxd8+ Kh7 33. Qd2 Nc4 34. Qd7 Re1+ 35. Kg2 b5 36. Qxc6 Rd1 37.
Qxb5 {die Damen kassiert einen Bauern nach dem anderen, da ist natürlich
nichts mehr zu retten für Schwarz, Komodo -7,00} Nb6 38. Qf5+ Kg8 39. Kf3?
{um ganze 3 Bauerneinheiten !! schwächer als De5, trotzdem ist die Stellung
natürlich klar gewonnen für Weiss, Komodo +4,00} g6 40. Qa5 Rd3+ 41. Ke4
Rd7 42. f5 Re7+ 43. Kf3 Rd7 44. Qe5 gxf5 45. Qxf5 Rd5 46. Qf4 Kg7 47. Qc7
Rd7 48. Qe5+ f6 49. Qe6 Rc7 {deutlich besser ist noch Tf7, Komodo -6,00}
50. Ke3 {weit besser ist Dg4+, Komodo +4,30} Rc3+ 51. Kd2 Rc7 52. Kd3
Nd7??? {ganz schlecht, beschleunigt extrem den Untergang, Komodo -8,00,
weit besser ist noch Tf7 mit ca. -4,50} 53. Qe7+ Kg6 54. Kd2 a5 55. Qd8 Ra7
56. Qg8+ Kf5 57. Qg4+ Ke5 58. Qc4 Rb7 59. Qf4+ Ke6 60. Qe4+ {Rest
geschenkt} 1-0
[/pgn]
[pgn]

[Event "Turnier 40 / 120"]
[Site "Wien"]
[Date "2022.07.19"]
[Round "12"]
[White "Mephisto Berlin 68000 - 12 MHZ"]
[Black "Novag Diamond II H8 - 32 MHZ"]
[Result "1-0"]
[BlackElo "2135"]
[WhiteElo "2138"]

{Analyse -------> Komodo 13.02.} 1. Nf3 Nf6 2. d4 d5 3. c4 c6 4. Nc3 dxc4
5. a4 Bf5 6. e3 e6 7. Bxc4 Bb4 8. O-O Nbd7 9. Nh4 {Buchende} Bg6 10. Qb3
{Buchbewertung Mephisto Berlin 68000: +0,48} a5 {Buchende} 11. Na2 Bd6
{Buchbewertung Novag Diamond II: -0,23 / lt. Komodo steht Weiss knapp
besser mit ca. +0,30} 12. Qxb7 {lt. Komodo ist die Partie nach dem Textzug
bereits Remis, da die weisse Dame den Angriffen des schwarzen Turmes nur
mittels Stellungswiederholung ausweichen kann, Komodo 0,00} Rb8 13. Qa6
Qc7? {Novag Diamond II erkennt das Remis nicht, richtig wäre gewesen, Sg4,
g3, Le4, Sg2, Ta8, Db7, Tb8 und die weisse Dame kann nicht mehr entkommen,
nach dem Textzug ist Weiss klar im Vorteil, Komodo +1,00} 14. f4? {klar
schwächer als g3, nach dem Textzug ist die Stellung wieder im Lot} Bh5? {so
allerdings nicht, nötig war 0-0, nach dem Textzug ist Weiss wieder etwas im
Vorteil, Komodo +0,50} 15. Bd2 Rxb2 16. Bxa5 Qb7?? {ein ganz schlechter
Zug, danach ist Weiss bereits ganz klar im Vorteil, Komodo +1,30 mit der
Fortsetzung Lc3, nötig war Db8 mit nur geringem Vorteil für Weiss mit ca.
+0,50} 17. Bc3 Qxa6 18. Bxa6 Rb3?? {ein weitere Ungenauigkeit, deutlich
besser ist Tb6, nach dem Textzug ist die Partie bereits verloren für
Schwarz, Komodo -2,00 mit der Fortsetzung Tfb1} 19. Rfb1 Ra3 20. Bb4 Bxb4?
{besser ist noch Txa4, Novag Diamond II macht eine ganz schlechte Figur in
dieser Partie, Komodo -3,00} 21. Nxb4 Rxe3 {der A-Bauer entscheidet
natürlich die Partie} 22. Nxc6 Re4 {besser ist noch h6, aber es spielt
natürlich keine Rolle mehr, Komodo +4,50} 23. g3 O-O 24. Rb7 Be2 25. Bxe2
Rxe2 26. g4 Rc2 27. Ne7+ Kh8 28. g5 {Rest geschenkt} 1-0
[/pgn]
[pgn]

[Event "Turnier 40 / 120"]
[Site "Wien"]
[Date "2022.07.19"]
[Round "13"]
[White "Novag Diamond II H8 - 32 MHZ"]
[Black "Mephisto Berlin 68000 - 12 MHZ"]
[Result "1/2-1/2"]
[BlackElo "2138"]
[WhiteElo "2135"]

{Analyse ----> Komodo 13.02.} 1. c4 c6 2. e4 d5 3. exd5 cxd5 4. d4 Nf6 5.
Nc3 e6 6. Nf3 Bb4 7. cxd5 Nxd5 {Buchende} 8. Qb3 O-O {Buchbewertung
Mephisto Berlin 68000: +0,24} 9. Bd3 {Buchende} b6 10. O-O {Buchbewertung
Novag Diamond II: +0,11 / lt. Komodo steht Weiss eine Nuance besser mit ca.
+0,20} Ba6 11. Nxd5 Qxd5 12. Qxd5 exd5 13. Bxa6 Nxa6 14. Bf4 Rfe8 15. a3
Bf8 16. Rfe1 Rac8 17. Rxe8 Rxe8 18. Kf1 {besser ist Tc1 mit leichtem
Vorteil für Weiss, nach dem Textzung ist die Stellung im Lot} f6 {besser
ist Tc8} 19. Re1 {auch nicht optimal besser ist Tc1} Rxe1+ 20. Nxe1 g5 21.
Bg3 Kf7 22. b4 h5 23. h3 h4 24. Bh2 b5 25. Nd3 Ke6 26. Nc5+ Nxc5 27. bxc5
a5 {die Stellung ist im Lot, Komodo 0,00} 28. Ke2 b4?? {das ist natürlich
ganz schlecht, jeder menschliche Spieler würde hier sehen, dass der B-Bauer
in Zukunft in Nöten gerät, nach dem Textzug steht Weiss bereits klar
besser, Komodo +1,20, nötig war z.B. Kd7 oder Le7} 29. axb4 axb4 30. Kd3 f5
31. Bc7 Bg7 32. c6?? {im Prinzip der gleiche Fehler, den zuvor Mephisto
Berlin 68000 machte, den Kommentar könnte man kopieren, nach diesem Zug ist
natürlich sofort der gesamte Vorteil verspielt und die Partie ist Remis,
Komodo 0,00, richtig war natürlich La5} Bf6 33. Be5 Bxe5 34. dxe5 Ke7 35.
Kd4 1/2-1/2
[/pgn]
[pgn]

[Event "Turnier 40 / 120"]
[Site "Wien"]
[Date "2022.07.20"]
[Round "14"]
[White "Mephisto Berlin 68000 - 12 MHZ"]
[Black "Novag Diamond II H8 - 32 MHZ"]
[Result "1/2-1/2"]
[BlackElo "2135"]
[WhiteElo "2138"]

{Analyse ---------> Komodo 13.02.} 1. e4 e6 2. d4 d5 3. Nd2 c5 4. exd5 exd5
5. Ngf3 Nc6 6. Bb5 Bd6 7. O-O Ne7 8. dxc5 Bxc5 9. Nb3 {Buchende} Bd6
{Buchende} 10. Nfd4 {Buchbewertung Mephisto Berlin 68000: +0,12} O-O
{Buchbewertung Novag Diamond II: -0,26 / lt. Komodo ist die Stellung etwas
gleich} 11. Re1 Qb6 12. c3 Nxd4 13. Nxd4 Nc6 14. Qd3 Nxd4 15. cxd4 a6 16.
Ba4 Qb4 17. Qd1 Bg4 18. f3 Bf5 19. a3 Qb6 20. Bb3? {ein schwacher Zug,
danach ist Schwarz klar im Vorteil, Komodo +1,50 mit der Fortsetzung Tae8,
nötig war Te2 mit nur sehr geringem Vorteil für Schwarz mit ca. +0,30} Rfe8
21. Rxe8+ {etwas besser ist Te3, Komodo -1,80} Rxe8 22. Ba4 Re7 23. Kh1?
{auch nicht ideal, deutlich besser ist noch Lg5, Komodo -2,50} Qc7? {ein
ganz schwacher Zug, der den Vorteil von Schwarz halbiert, Komodo +1,30,
nötig war h6} 24. Bb3? {es ist eine sehr schwierige Stellung für beide
Geräte, nach dem Textzug ist die Partie bereits verloren für Weiss, Komodo
-3,00 mit der Fortsetzung Lxh2} Bxh2 25. Bg5 Re8 {klar schwächer als Lg3,
Komodo +2,30} 26. Bxd5 Bf4 {klar schwächer als Lg3, Komodo +1,70} 27. Bxf4
Qxf4 28. g4? {wieder ein ganz schlechter Zug, Komodo -3,20 mit der
Fortsetzung Le6} Bc8?? {beide Geräte sind mit dieser Stellung hoffnungslos
überfordert und nicht im Stande die richtigen Züge zu finden, um ganze 2
Bauerneinheiten !! schlechter als Le6} 29. Qd3?? {es bleibt dabei, es
werden in dieser Phase der Partie praktisch nur Fehlentscheidungen
getroffen, nach dem Textzug ist alles bereits vorbei, Komodo -4,50 mit der
Fortsetzung h5, nötig war Dc2} h5 30. Rf1 b5 31. Qd1?? {ein ganz schwacher
Zug, der den Untergang beschleunigt, Komodo -6,00 mit der Fortsetzung Dg5}
Rd8??? {beide Geräte verstehen diese Stellung absolut nicht, dieser Zug ist
um ganze 4 Bauerneinheiten !!! schlechter als Dg5, Komodo -2,00 mit der
Fortsetzung Dc1, hier beende ich vorläufig eine weitere Kommentierung} 32.
Qc1 Qf6 33. Kg2 Rxd5 34. Qxc8+ Rd8 35. Qc5 hxg4 36. fxg4 Qxd4 37. Qxd4 Rxd4
38. Kg3 {Komodo 13.02 sieht hier Schwarz mit ca. +2,00 im Vorteil,
Stockfish 15 bereits mit +6,00 !!} Kf8??? {ein ganz schlechter Zug, lt.
Komodo damit nur noch +1,00 für Schwarz, lt. Stockfish 15 noch +2,50, nötig
war Td2} 39. Rc1 Rd2 {leider zu spät, in diesem Fall war noch Ke7 besser,
Komodo nur noch +0,60 für Schwarz} 40. Rc8+ Ke7 41. Ra8 Rxb2 {Vorteil
versprach noch Td6, nach dem Textzug ist die Partie bereits Remis, Komodo
+0,60 für Schwarz / Stockfish 15: 0,00} 42. Rxa6 Rd2 43. Rb6 Rd3+ 44. Kf4
Rxa3 45. Rxb5 Rd3 46. Re5+ Kf6 47. Rf5+ Kg6 48. Rg5+ Kh7 49. Rh5+ Kg8 50.
Rb5 Rd1 51. Rb7 Kh7 52. Kf3 Kg6 53. Rb6+ Kg5 54. Rb5+ Kf6 55. Rb6+ Ke5 56.
Rb7 Ke6 57. Rb4 Rd3+ 58. Kf4 Rd8 59. Kg5 Rd5+ 60. Kf4 {es ist nicht mehr zu
gewinnen ----> Remis / ein ganz bitteres Remis aus Sicht von Novag Diamond
II, ein verschenkter halber Punkt !!!} 1/2-1/2
[/pgn]
[pgn]

[Event "Turnier 40 / 120"]
[Site "Wien"]
[Date "2022.07.20"]
[Round "15"]
[White "Novag Diamond II H8 - 32 MHZ"]
[Black "Mephisto Berlin 68000 - 12 MHZ"]
[Result "1/2-1/2"]
[BlackElo "2138"]
[WhiteElo "2135"]

{Analyse ------> Komodo 13.02.} 1. d4 d5 2. c4 c6 3. Nc3 Nf6 4. e3 g6
{Buchende} 5. cxd5 {Buchende} cxd5 {Buchbewertung Mephisto Berlin 68000:
-0,30} 6. Nf3 {Buchbewertung Novag Diamond II: +0,88 / ist viel zu
optimistisch lt. Komodo ist die Stellung exakt gleich 0,00} Bg7 7. Bb5+ Nc6
8. Bxc6+ bxc6 9. Qa4 Bd7 10. Ne5 O-O 11. O-O Qc7 12. Bd2 Rab8 13. Nxd7 Qxd7
14. Bc1 Qc7 15. b4? {ein schwacher Zug, danach steht Schwarz klar besser,
Komodo +0,90 mit der Fortsetzung e5, nötig war b3 mit Ausgleich} e5 16.
Rd1??? {ein Verlustzug, danach ist die Partie bereits verloren, Komodo
+2,30 mit der Fortsetzung exd4, nötig war h3, um das Feld g4 für den
schwarzen Springer zu blockieren.} e4??? {ein ganz schlechter Zug, der
nahezu den gesamten Vorteil verspielt, Komodo nur noch +0,30 für Schwarz,
gewonnen hätte exd4} 17. Ba3 {klar schwächer als Da5, Komodo +0,90 für
Schwarz mit der Fortsetzung Sg4} Rfe8? {dieser Zug bringt allerdings keinen
Vorteil für Schwarz hier könnte Weiss neuerlich mittels Da5 ausgleichen}
18. Rac1 {klar schwächer als Da5, Komodo +1,00 für Schwarz mit der
Fortsetzung Sg4} Rb6? {bringt keinerlei Vorteil für Schwarz, die Stellung
ist wieder im Lot} 19. Ne2 {klar schwächer als h3, Komodo +0,70 für
Schwarz} Rc8 20. Rc3 Bf8 21. Rdc1 a6 22. h3 Qb7 23. Rb3 Bd6 24. Kh1? {ohne
Worte} Nd7 25. Nc3 Re8 26. Rbb1 Rb8 27. Rb3 Rf8 28. Kg1 Re8 29. Rcb1 Re6
30. Rc1 Rf6 31. Qa5 Qb8 32. Rc2 Bc7 33. Qa4? {ein schwacher Zug, deutlich
besser ist Lc1, Komodo +1,30 mit der Fortsetzung Dc8} Qb7? {aber die
Feinheiten dieser Stellung sind für beide Geräte nicht erkennbar, und
zugegeben auch für den Menschen nicht, dieser Zug ist deutlich schwächer
als Dc8, Komodo +0,60 für Schwarz, warum hier Dc8 tatsächlich deutlich
besser ist, ist eigentlich nur für eine Engine mit 3500+ ersichtlich, kein
Vorwurf an beide Geräte !!} 34. Rb1 Bb8 35. Kf1 Bg3 36. Rb3? {ein schwacher
Zug, der der weissen Dame das Rückzugsfeld nimmt, Komodo +1,50 mit der
Fortsetzung Tb5} Nf8? {Mephisto Berlin macht aber nichts draus, nach dem
Textzug ist die Stellung wieder im Lot} 37. Kg1 Bd6 38. Qa5 Kg7 39. Rb1 Nd7
40. Rbb2? {ein Verlustzug, danach ist die Partie verloren, Komodo +2,80 mit
der Fortsetzung Tb5, deutlich besser ist Tbc1 mit ca. +1,00 für Schwarz}
Bb8? {Mephisto Berlin kommt noch auf diese Fortsetzung, trotzdem steht
Schwarz klar besser, Komodo +1,50} 41. Kf1??? {der nächste Verlustzug,
nötig war Tb1, nach dem Textzug gewinnt wieder Tb5, Komodo -4,20} Bg3?
{aber Mephisto Berlin findet diesen Zug einfach nicht, Komodo +1,00} 42.
Na4??? {ist ja nicht zu fassen, jetzt zwingt Novag Diamond II praktisch
seinen Gegner zum Glück, hier gewinnt wieder Tb5, diesmal ist es aber ein
alternativloser Zug, Komodo +2,50} Rb5 43. Qd8 Qa7 44. Nc5 Nxc5 45. Rxc5
Qb7 {die Partie ist klar verloren für Weiss, hier ist bereits Dxf6 die
beste Wahl, das zeigt bereits die Aussichtslosigkeit, Komodo -3,50} 46.
Rc1??? {spätestens jetzt ist alles vorbei, Komodo -7,00 mit der Fortsetzung
Ld6} Bd6 47. Rbc2 Bxb4??? {also das ist ein echter Katastrophenzug, der den
Sieg ernsthaft gefährdet, um ganze 6 Bauerneinheiten !!! schlechter als
Tb6, danach wäre die weisse Dame bereits verloren gegangen, Komodo nur noch
+1,00 für Schwarz} 48. Bxb4 Rxb4 49. Qa5 Rb1 {besser ist Db5, nach dem
Textzug ist Schwarz nur noch knapp im Vorteil mit ca. +0,50} 50. Qa3 Rxc1+
{und jetzt nur noch mit +0,20, besser ist Tb5} 51. Qxc1 Qb5+ 52. Ke1? {ein
schlechter Zug, der König muss nach g1 und die Stellung wäre bereits im
Lot, Komodo +1,00 mit der Fortsetzung Db8} Qb4+? {aber Mephisto Berlin
kommt nicht drauf, Komodo +0,20 für Schwarz} 53. Ke2?? {aber Novag Diamond
II sieht die Gefahr nicht wegen dem Eindringen der Dame auf der Diagonale
b8-h2, nach dem Textzug ist die Partie bereits verloren, Komodo -2,00 mit
der Fortsetzung Db8, der König hätte nach f1 müssen.} Qa4??? {aber es ist
ein weiteres Zeugnis für die Schwierigkeit von Schwerfigurenendspielen,
auch Mephisto Berlin 68000 erkennt das richtige Motiv nicht, nach dem
Textzug ist die Stellung wieder im Lot} 54. Rb2 h6 55. Qc5 Rf5 56. a3 g5
57. Rb8 Rf6 58. f3 exf3+ 59. gxf3 a5 60. h4 Qc4+ 61. Qxc4 dxc4 62. hxg5
hxg5 63. Ra8 Rf5 64. e4 Rb5 65. a4 Rb2+ 66. Kd1 g4 {die Stellung ist immer
noch im Lot, Komodo 0,00} 67. fxg4 c3 68. Kc1 Rb4 69. Rxa5 Rxd4 70. Kc2
Rxe4 71. Ra8 Rxg4 72. a5 Rc4 73. a6 Ra4 74. Kxc3 c5 75. Kb3 Ra5 76. Ra7 Kg6
77. Kc4 f5 78. Ra8 f4 79. Kd5 Kf7 80. Ke4 Ra4+ 81. Kf3 Kf6 82. a7 Kg7 83.
Kg4 Kh7 84. Kf3 Kg7 85. Kg4 Kh7 86. Kf3 Kg7 {Stellungswiederholung} 1/2-1/2
[/pgn]
[pgn]